[Event "Irkutsk-ch"]
[Site "Irkutsk"]
[Date "2012.04.07"]
[Round "8"]
[White "Sidorov, Anton"]
[Black "Ginzburg, Alexander"]
[Result "1-0"]
[WhiteElo "1859"]
[BlackElo "2074"]
[PlyCount "129"]
[EventDate "2012.03.24"]
[EventType "swiss"]
[EventRounds "9"]
[EventCountry "RUS"]
[SourceTitle "EXT 2013"]
[Source "ChessBase"]
[SourceDate "2012.11.22"]
[SourceVersion "1"]
[SourceVersionDate "2012.11.22"]
[SourceQuality "1"]

1. e4 e5 2. Nf3 Nc6 3. Bb5 Nf6 4. 0-0 Nxe4 5. d4 Nd6 6. Bxc6 dxc6 7. dxe5 Nf5 8. Qxd8+ Kxd8 9. Nc3 Be6 10. b3 Be7 11. g4 Nh4 12. Nxh4 Bxh4 13. h3 h5 14. f4 hxg4 15. f5 Bd7 16. hxg4 c5 17. Bf4 Bc6 18. Rad1+ Kc8 19. Rd3 b6 20. Nd5 Kb7 21. c4 Rad8 22. Rfd1 Be7 23. Kf2 Bh4+ 24. Kf1 g5 25. Bc1 Rhe8 26. Bb2 Kb8 27. Ne7 Rxd3 28. Nxc6+ Kb7 29. Na5+ bxa5 30. Rxd3 Kc6 31. Kg2 Be1 32. Rd1 Bh4 33. Kf3 Rb8 34. Ke4 a4 35. Rd3 Bf2 36. e6 Re8 37. Ke5 a3 38. Bc3 fxe6 39. fxe6 Bg1 40. Kf6 Rf8+ 41. Kg7 Rf4 42. e7 Re4 43. Kf7 Rf4+ 44. Bf6 Re4 45. e8Q+ Rxe8 46. Kxe8 Kb6 47. Bxg5 Bd4 48. Be3 Bb2 49. g5 a5 50. g6 Kc6 51. Kf7 Be5 52. g7 Bxg7 53. Kxg7 a4 54. bxa4 Kb6 55. Rd5 Ka5 56. Bxc5 Kxa4 57. Bxa3 Kxa3 58. Rc5 Kxa2 59. Rxc7 Kb2 60. c5 Kc3 61. Rd7 Kc4 62. c6 Kb5 63. c7 Kb4 64. c8Q Ka5 65. Rb7 1-0

[Event "Irkutsk-ch"]
[Site "Irkutsk"]
[Date "2012.03.25"]
[Round "2"]
[White "Rozhnev, Gennady"]
[Black "Ginzburg, Alexander"]
[Result "1-0"]
[WhiteElo "2094"]
[BlackElo "2074"]
[PlyCount "89"]
[EventDate "2012.03.24"]
[EventType "swiss"]
[EventRounds "9"]
[EventCountry "RUS"]
[SourceTitle "EXT 2013"]
[Source "ChessBase"]
[SourceDate "2012.11.22"]
[SourceVersion "1"]
[SourceVersionDate "2012.11.22"]
[SourceQuality "1"]

1. d4 c5 2. d5 d6 3. c4 g6 4. Nc3 Bg7 5. e4 Nf6 6. Be2 0-0 7. Nf3 b5 8. cxb5 a6 9. 0-0 axb5 10. Bxb5 Bb7 11. Qe2 Qb6 12. Nd2 Na6 13. Nc4 Qc7 14. Bd2 Nb4 15. Rfc1 Rfb8 16. a3 Na6 17. Ba4 Bc8 18. Bc6 Bd7 19. Bxa8 Rxa8 20. Bf4 Ng4 21. h3 Ne5 22. Bxe5 dxe5 23. Rd1 Qb7 24. Na5 Qc7 25. Nc6 Qd6 26. Nb5 Qf6 27. Nba7 Nc7 28. b4 cxb4 29. axb4 Ne8 30. b5 Nd6 31. b6 Qh4 32. Nb5 Rf8 33. Nxd6 exd6 34. b7 Bh6 35. Ra8 Bf4 36. Rxf8+ Kxf8 37. b8Q+ Kg7 38. Qd8 Qxd8 39. Nxd8 h5 40. Qa6 g5 41. Qxd6 Ba4 42. Ra1 Bc2 43. Ne6+ fxe6 44. Ra7+ Kg6 45. Qxe6# 1-0

[Event "Irkutsk Ermolaev Memorial 5th"]
[Site "Irkutsk"]
[Date "2011.08.13"]
[Round "8"]
[White "Kiselyov, Sergei"]
[Black "Ginzburg, Alexander"]
[Result "1/2-1/2"]
[WhiteElo "2109"]
[BlackElo "2031"]
[PlyCount "59"]
[EventDate "2011.08.06"]
[EventType "swiss"]
[EventRounds "9"]
[EventCountry "RUS"]
[SourceTitle "CBM 144 Extra"]
[Source "ChessBase"]
[SourceDate "2011.10.28"]
[SourceVersion "1"]
[SourceVersionDate "2011.10.28"]
[SourceQuality "1"]

1. e4 d6 2. d4 Nf6 3. Nc3 Nbd7 4. Bc4 e5 5. Nf3 Be7 6. 0-0 0-0 7. a4 a5 8. h3 c6 9. Bg5 Ne8 10. Be3 g6 11. Qe2 Qc7 12. Rad1 Ng7 13. Bh6 Nb6 14. Ba2 Be6 15. Bxe6 fxe6 16. dxe5 dxe5 17. Be3 Nh5 18. g3 c5 19. Nd2 Nf4 20. Bxf4 exf4 21. g4 Nd7 22. Qc4 Ra6 23. Nf3 Ne5 24. Nxe5 Qxe5 25. f3 Rb6 26. Nb5 Qxb2 27. c3 Bh4 28. Rb1 Qd2 29. Rbd1 Qb2 30. Rb1 1/2-1/2

[Event "Irkutsk Ermolaev Memorial 5th"]
[Site "Irkutsk"]
[Date "2011.08.07"]
[Round "2"]
[White "Ginzburg, Alexander"]
[Black "Demin, Petr"]
[Result "1-0"]
[WhiteElo "2031"]
[BlackElo "1896"]
[PlyCount "59"]
[EventDate "2011.08.06"]
[EventType "swiss"]
[EventRounds "9"]
[EventCountry "RUS"]
[SourceTitle "CBM 144 Extra"]
[Source "ChessBase"]
[SourceDate "2011.10.28"]
[SourceVersion "1"]
[SourceVersionDate "2011.10.28"]
[SourceQuality "1"]

1. d4 d5 2. c4 c6 3. Nc3 Nf6 4. Nf3 e6 5. Bg5 Be7 6. e3 Nbd7 7. Bd3 h6 8. Bh4 0-0 9. 0-0 a6 10. Rc1 Re8 11. cxd5 exd5 12. Bg3 Nf8 13. Ne5 N6d7 14. f4 Bd6 15. Qh5 Qe7 16. Bh4 Nf6 17. Qe2 N8h7 18. Qc2 g6 19. Rf3 g5 20. fxg5 Nxg5 21. Bxg5 hxg5 22. Rcf1 Bxe5 23. dxe5 Ng4 24. Bh7+ Kh8 25. Rxf7 Qxe5 26. Rf8+ Rxf8 27. Rxf8+ Kg7 28. Rg8+ Kf7 29. Qg6+ Ke7 30. Re8+ 1-0